The first apostle (Record no. 43538)

MARC details
000 -LEADER
fixed length control field 00522nam a2200145 a 4500
008 - FIXED-LENGTH DATA ELEMENTS--GENERAL INFORMATION
fixed length control field 130627s2008 ||||||||||||||||| || u
020 ## - INTERNATIONAL STANDARD BOOK NUMBER
International Standard Book Number 9780857500434
050 ## - LIBRARY OF CONGRESS CALL NUMBER
Classification number PR 6102 .E236.F57
100 ## - MAIN ENTRY--PERSONAL NAME
Personal name Becker, James
245 14 - TITLE STATEMENT
Title The first apostle
Statement of responsibility, etc. by James Becker
260 ## - PUBLICATION, DISTRIBUTION, ETC.
Place of publication, distribution, etc. London:
Name of publisher, distributor, etc. Transworld Publishers
Date of publication, distribution, etc. 2008
300 ## - PHYSICAL DESCRIPTION
Extent 475p.:
650 ## - SUBJECT ADDED ENTRY--TOPICAL TERM
Topical term or geographic name entry element PAUL, THE APOSTLE, SAINT--TOMB--FICTION
995 ## - RECOMMENDATION 995 [LOCAL, UNIMARC FRANCE]
-- CBU-MAIN LIBRARY (Kitwe)
-- 1
-- OUT
-- Jul 17, 2013
-- Fiction Collection
Holdings
Withdrawn status Lost status Source of classification or shelving scheme Damaged status Not for loan Home library Current library Shelving location Date acquired Total Checkouts Full call number Barcode Date last seen Date last checked out Price effective from Koha item type
          CBU-MAIN LIBRARY, KITWE. CBU-MAIN LIBRARY, KITWE.   11/30/2022 2 PR 6102 .E236.F57 744169 08/26/2025 08/08/2025 11/30/2022 MONOGRAPH